International Law / (Record no. 13072)
[ view plain ]
| 000 -LEADER | |
|---|---|
| fixed length control field | 01191cam a2200277 a 4500 |
| 001 - CONTROL NUMBER | |
| control field | 13808715 |
| 005 - DATE AND TIME OF LATEST TRANSACTION | |
| control field | 20051117185643.0 |
| 008 - FIXED-LENGTH DATA ELEMENTS--GENERAL INFORMATION | |
| fixed length control field | 041207s2005 ncu | b 001 0 eng d |
| 010 ## - LIBRARY OF CONGRESS CONTROL NUMBER | |
| LC control number | 2004117453 |
| 020 ## - INTERNATIONAL STANDARD BOOK NUMBER | |
| International Standard Book Number | 1594600937 |
| 040 ## - CATALOGING SOURCE | |
| Original cataloging agency | DLC |
| Transcribing agency | DLC |
| Modifying agency | DLC |
| 050 00 - LIBRARY OF CONGRESS CALL NUMBER | |
| Classification number | KZ1242 |
| Item number | .E67 2005 |
| 082 00 - DEWEY DECIMAL CLASSIFICATION NUMBER | |
| Classification number | 341 |
| Edition number | 22 |
| Item number | EPP |
| 100 1# - MAIN ENTRY--PERSONAL NAME | |
| Personal name | Epps, Valerie, |
| Dates associated with a name | 1943- |
| 9 (RLIN) | 10072 |
| 245 10 - TITLE STATEMENT | |
| Title | International Law / |
| Statement of responsibility, etc | Valerie Epps |
| 250 ## - EDITION STATEMENT | |
| Edition statement | 3rd ed. |
| 260 ## - PUBLICATION, DISTRIBUTION, ETC. (IMPRINT) | |
| Place of publication, distribution, etc | Durham, N.C. : |
| Name of publisher, distributor, etc | Carolina Academic Press, |
| Date of publication, distribution, etc | c2005. |
| 300 ## - PHYSICAL DESCRIPTION | |
| Extent | xxvii, 466 p. ; |
| Dimensions | 26 cm. |
| 500 ## - GENERAL NOTE | |
| General note | Donation |
| 650 #0 - SUBJECT ADDED ENTRY--TOPICAL TERM | |
| Topical term or geographic name as entry element | International law. |
| 9 (RLIN) | 10073 |
| 700 1# - ADDED ENTRY--PERSONAL NAME | |
| Personal name | Epps, Valerie, |
| Dates associated with a name | 1943- |
| Title of a work | International law for undergraduates. |
| 9 (RLIN) | 10074 |
| 942 ## - ADDED ENTRY ELEMENTS (KOHA) | |
| Source of classification or shelving scheme | Dewey Decimal Classification |
| Item type | Book - Borrowing |
| Withdrawn status | Item status | Source of classification or shelving scheme | Damaged status | Not for loan | Vendor | Home library | Current library | Shelving location | Date acquired | Source of acquisition | Total Checkouts | Total Renewals | Full call number | Barcode | Date last seen | Date last borrowed | Koha item type | Public note |
|---|---|---|---|---|---|---|---|---|---|---|---|---|---|---|---|---|---|---|
| Dewey Decimal Classification | Central Library | Central Library | First floor | 21/12/2009 | Donation | 16 | 27 | 341 EPP | 000019231 | 03/01/2026 | 20/12/2025 | Book - Borrowing | Donation | |||||
| Dewey Decimal Classification | Central Library | Central Library | First floor | 21/12/2009 | Donation | 1 | 341 EPP | 000019232 | 15/07/2025 | 06/03/2014 | NB - Book (Non borrowing) | Donation |